Wer ist das? (3) - Statistiken

Allgemein
  • Dieses Quiz wurde 173 mal gespielt
    84 seit der letzten Aktualisierung
  • Das Durchschnittsergebnis liegt bei 9 aus 25
Antwortstatistiken
Bildquiz Antwort % Korrekt
Eminem
86%
Keanu Reeves
70%
Mariah Carey
65%
Sandra Bullock
62%
Sergio Ramos
58%
Victoria Beckham
57%
Finch
52%
Jamie Oliver
49%
James Dean
43%
Margot Friedländer
43%
Natascha Ochsenknecht
39%
Prinzessin Charlotte
36%
Eiskaltes Händchen
32%
Will Ferrell
29%
Jochen Bendel
23%
Leon Draisaitl
22%
Gizem Emre
20%
Mark Rutte
17%
Winnie Harlow
16%
Martin Brambach
14%
Parshad Esmaeili
14%
Anthony Lopes
13%
Coco Chanel
10%
Stefanie Hubig
4%
Heinrich E. Steinway
1%
Keine übereinstimmenden Quizze gefunden
Verteilung der Resultate
Anzahl Personen mit jedem Resultat
Perzentil nach korrekt beantworteten Fragen
Ihre Resultats-Entwicklung
Sie haben dieses Quiz seit der letzten Aktualisierung nicht gespielt